| 000 | 01285 a2200217 4500 | ||
|---|---|---|---|
| 003 | Nust | ||
| 005 | 20220722122815.0 | ||
| 010 | _a 2003063686 | ||
| 020 | _a0849319420 (alk. paper) | ||
| 040 | _cNust | ||
| 082 | 0 | 0 | _a004.68,HEL |
| 100 | 1 |
_aHeld, Gilbert, _936816 |
|
| 245 | 1 | 0 |
_aEnhancing LAN performance / _cGilbert Held. |
| 250 | _a4th ed. | ||
| 260 |
_aBoca Raton, FL : _bAuerbach Publications, _cc2004. |
||
| 300 |
_axvii, 396 p. : _bill. ; _c25 cm. |
||
| 505 | _aLAN Performance Issues (Page-1), Ethernet, Token Ring and ATM Frame and Cell Operations (Page-11), Estemating Network Traffic (Page-59), Understanding and Applying Waiting Line Analysis (Page-77),Estimating Token Ring Network Performance (Page-221), ATM Performance (Page-245), Working with Images (Page-263), Using Intelligent Switches (Page-291), Sizing Communications Equipment and Line Facilities (Page-119), Using the Lan Monitoring Tools (Page-345), Transmission Optimization Techniques (Page-361), Availability Level as a Decision Criterion (Page-167), Estimating Ethernet Network Performance (Page-189) | ||
| 650 | 0 |
_aLocal area networks (Computer networks) _xEvaluation. _994565 |
|
| 856 | 4 | 2 |
_3Publisher description _uhttp://www.loc.gov/catdir/enhancements/fy0646/2003063686-d.html |
| 942 |
_2ddc _cREF |
||
| 999 |
_c176833 _d176833 |
||